| 000 | 00380nam a2200145 a 4500 | ||
|---|---|---|---|
| 005 | 20140412111316.0 | ||
| 008 | 030415s19uu xx 00 eng d | ||
| 050 |
_aFil 398.2 _bFi477 |
||
| 245 | _aFilipino myths & legends. | ||
| 260 |
_aPhilippine : _bPhillippine Applince Cor, _c1973. |
||
| 300 | _a1 v. (unp.) ; ill. | ||
| 650 | _aMyths | ||
| 650 | _aLegends | ||
| 999 |
_c104228 _d104228 |
||